000 00551nam a2200181 i 4500
001 120453
003 ES-MaACL
005 20230906191545.0
007 t|
008 070214s1906 sp r ||||1| spa d
100 1 _aPoincaré, Henri.
_992751
245 1 3 _aEl valor de la ciencia /
_cHenri Poincaré ; versión española de Emilio González Llana.
260 _aMadrid :
_bJaime Ratés,
_c1906.
300 _a264 p. ;
_c18 cm.
650 _aCiencia-
_xFilosofía.
_910950
700 1 _aGonzález Llana, Emilio.
_958753
852 _aES-MaACL
_jF-6366
999 _c120453
_d120453